English Lyrics in 8-BIT HEART by Itzy - Statistics

General Stats
  • This quiz has been taken 7 times
  • The average score is 204 of 343
Answer Stats
Lyrics % Correct
a
100%
A
100%
B
100%
you
100%
you,
100%
You
100%
8-bit
86%
8-bit?
86%
always
86%
are?
86%
Are
86%
D
86%
do
86%
Do
86%
G
86%
heart?
86%
heart
86%
I
86%
me
86%
me,
86%
my
86%
my,
86%
No
86%
no
86%
on
86%
On
86%
Why
86%
(But
71%
C
71%
Don't
71%
E
71%
go
71%
go,
71%
I'm
71%
(I'm
71%
in
71%
know
71%
like
71%
Like
71%
Loading
71%
loading
71%
obviously)
71%
offended)
71%
offended,
71%
tea
71%
to
71%
What
71%
what
71%
where
71%
Where
71%
who
71%
any
57%
badda
57%
bang
57%
Call
57%
down
57%
F
57%
game?
57%
hell
57%
Hit
57%
it
57%
key
57%
press
57%
Press
57%
quest
57%
shade,
57%
side
57%
so
57%
start
57%
start,
57%
the
57%
universe,
57%
about,
43%
about?
43%
am
43%
back
43%
back)
43%
Beat
43%
Bing
43%
bing
43%
bomb,
43%
bomb
43%
bong
43%
feel
43%
have
43%
Hello?
43%
leave
43%
shut
43%
that?
43%
up,
43%
Welcome,
43%
Welcome
43%
yes,
43%
zang,
43%
zing
43%
another
29%
anywhere,
29%
bam
29%
disappointed
29%
Emotion
29%
happy
29%
hm,
29%
it's
29%
living
29%
maniac
29%
match
29%
mega
29%
mode
29%
mode,
29%
(Oh,
29%
outside?
29%
real
29%
shutdown
29%
some
29%
super,
29%
talking
29%
there?
29%
there,
29%
upgrade
29%
was
29%
What's
29%
wondering
29%
world
29%
anytime
14%
Come
14%
come,
14%
come
14%
crush
14%
cut,
14%
cut
14%
deep,
14%
defended
14%
Excuse
14%
just
14%
lies,
14%
mark)
14%
Oopsie
14%
peace,
14%
pixel,
14%
(Question
14%
replay,
14%
rule
14%
think
14%
uh,
14%
you're
14%
filter
0%
find
0%
hising?
0%
love?
0%
patch
0%
No matching quizzes found
Score Distribution
Percent of People with Each Score
Percentile by Number Answered
Your Score History
You have not taken this quiz